Understanding the historic walled quarter through the process of urbanization (Record no. 8280)

000 -LEADER
fixed length control field 00671nam a22001937a 4500
008 - FIXED-LENGTH DATA ELEMENTS--GENERAL INFORMATION
fixed length control field 201105b ||||| |||| 00| 0 eng d
040 ## - CATALOGING SOURCE
Original cataloging agency BMS College of Architecture
100 ## - MAIN ENTRY--PERSONAL NAME
Personal name Kulkarni, Bhavana
245 ## - TITLE STATEMENT
Title Understanding the historic walled quarter through the process of urbanization
300 ## - PHYSICAL DESCRIPTION
Extent 35p.
502 ## - DISSERTATION NOTE
Degree type M.Arch (Habitat Design)
Name of granting institution BMS College of Architecture, Visvesvaraya Technological University
Dissertation note Dessertation
Year degree granted 2019
650 ## - SUBJECT ADDED ENTRY--TOPICAL TERM
Topical term or geographic name as entry element Understanding the historic
650 ## - SUBJECT ADDED ENTRY--TOPICAL TERM
Topical term or geographic name as entry element Urbanization
700 ## - ADDED ENTRY--PERSONAL NAME
Personal name Mamtha P Raj
Relator term Guide
700 ## - ADDED ENTRY--PERSONAL NAME
Personal name Rachana D R
Relator term Guide
700 ## - ADDED ENTRY--PERSONAL NAME
Personal name Pooja S
Relator term Guide
700 ## - ADDED ENTRY--PERSONAL NAME
Personal name Sadashiv Chakravarthy
Relator term Guide
942 ## - ADDED ENTRY ELEMENTS (KOHA)
Source of classification or shelving scheme
Koha item type UG-Thesis and Dissertations
Holdings
Withdrawn status Lost status Source of classification or shelving scheme Damaged status Not for loan Permanent Location Current Location Date acquired Barcode Date last seen Koha item type
          BMS College of Architecture, Design and Planning BMS College of Architecture, Design and Planning 2020-11-05 AR-PGP5 2020-11-05 PG-Thesis and Dissertations
Copyright © 2025, The Librarian, Library and Information Centre, BMSCA D&P, Bengaluru. All Rights Reserved
web counter

Powered by Koha